000
00303pam a2200133 a 4500
020
_c
041
_h
082
_a
741.235
_b
SIM
100
_a
Jackie Simmonds.
245
_a
Pastel Workbook
_h
Textual Documents
260
_a
[s.l]:
_b
Paperback edition,
_c
2007.
300
_a
127:
_b
Hard.
930
_a
6265
999
_c
240055
_d
240055